Stati per età massima al primo matrimonio - Statistics

Statistiche generali
  • Questo quiz è stato fatto 11 volte
  • Il punteggio medio è 11 su 16
Statistiche sulle risposte
Età media al primo matrimonio (anni) Continente Nazione % Corretto
33,2 Europa Finlandia
100%
35,1 Europa Svezia
100%
33,3 Europa Germania
91%
35,4 Europa Norvegia
91%
33,7 America del Sud Argentina
82%
33,9 Europa Danimarca
82%
33,2 Europa Portogallo
82%
34,6 Europa Spagna
82%
33,7 Europa Islanda
73%
35,8 Europa Irlanda
64%
34,4 America del Nord Saint Lucia
64%
35 Africa Sudafrica
64%
34 America del Sud Cile
45%
34 America del Nord Giamaica
45%
33,1 America del Nord Barbados
36%
33,1 Europa Lussemburgo
36%
Nessun quiz corrispondente trovato
Distribuzione punteggi
Percentuale di utenti per punteggio
Percentile per numero di risposta
I tuoi punteggi nel tempo
Non hai fatto questo quiz